Stadtteile von Würzburg nach Einwohnerzahl - Statistiken

Allgemein
  • Dieses Quiz wurde 195 mal gespielt
  • Das Durchschnittsergebnis liegt bei 9 aus 13
Antwortstatistiken
Einwohner Stadtteil % Korrekt
13.437 Sanderau
89%
11.933 Zellerau
86%
19.325 Frauenland
85%
8.457 Grombühl
84%
10.186 Heidingsfeld
78%
18.865 Altstadt
76%
10.824 Lengfeld
68%
9.661 Heuchelhof
64%
5.027 Lindleinsmühle
57%
4.208 Rottenbauer
57%
4.708 Steinbachtal
57%
6.927 Versbach
56%
6.027 Dürrbachtal
24%
Keine übereinstimmenden Quizze gefunden
Verteilung der Resultate
Anzahl Personen mit jedem Resultat
Perzentil nach korrekt beantworteten Fragen
Ihre Resultats-Entwicklung
Sie haben dieses Quiz noch nicht gespielt